000 01204 a2200253 4500
003 Nust
005 20170207153155.0
010 _a 98006407
020 _a0070119503 (alk. paper)
040 _cNust
082 0 0 _a621.31042
100 1 _aChapman, Stephen J.
245 1 0 _aElectric machinery fundamentals /
_cStephen J. Chapman.
250 _a3rd ed.
260 _aBoston :
_bMcGraw-Hill,
_cc1999.
300 _axviii, 716 p. :
_bill. ;
_c25 cm.
440 0 _aMcGraw-Hill series in electrical and computer engineering
500 _aIncludes index.
505 _a1.introduction to machinery principles(page 1)2.transformers(page 56)3.introduction to power electronics(page 140)4.AC machinery fundamentals(page 215)5.synchronous generators(page 250)6.synchronous motors(page 324)7.induction motors(page 357)8.DC machinery fundamentals(page 448)9.DC motors and generators(page 506)10.single phase and special purpose motors(page 604)Index (page 705)
538 _aAlmirah No.30 Shelf No.6
650 0 _aElectric machinery.
856 4 2 _3Publisher description
_uhttp://www.loc.gov/catdir/description/mh023/98006407.html
856 4 2 _3Table of contents
_uhttp://www.loc.gov/catdir/toc/mh022/98006407.html
942 _2ddc
_cBK
999 _c180741
_d180741